Lecciones de Islandia /
El presente trabajo expone un análisis del ascenso y caída de la economía de casino financiero de Islandia. Especificando en el giro neoliberal decidido por la elite cuasifeudal islandesa, constituida en oligopolio bancario; y sus perspectivas en medio de la triple crisis -monetaria, bancaria y deud...
Guardado en:
| Hovedforfatter: | |
|---|---|
| Andre forfattere: | |
| Format: | Texto |
| Fag: | |
| Tags: |
Tilføj Tag
Ingen Tags, Vær først til at tagge denne postø!
|
MARC
| LEADER | 00000 a a2200000 04500 | ||
|---|---|---|---|
| 001 | 43140 | ||
| 003 | |||
| 040 | |||
| 100 | |a Wade, Robert | ||
| 245 | |a Lecciones de Islandia / |c Robert Wade; Silla Sigurgeirdóttir | ||
| 520 | |a El presente trabajo expone un análisis del ascenso y caída de la economía de casino financiero de Islandia. Especificando en el giro neoliberal decidido por la elite cuasifeudal islandesa, constituida en oligopolio bancario; y sus perspectivas en medio de la triple crisis -monetaria, bancaria y deuda soberana- que tienen lugar en el país. | ||
| 590 | |a SJB/NOVIEMBRE2012 | ||
| 650 | |a 1.RECESION ECONOMICA | ||
| 650 | |a 2.ELITE | ||
| 650 | |a 3.OPERACIONES BANCARIAS | ||
| 650 | |a 4.NEOLIBERALISMO | ||
| 650 | |a 5.ECONOMIA | ||
| 650 | |a 6.ISLANDIA | ||
| 700 | |a Sigurgeirdóttir, Silla | ||
| 773 | |g número65 (noviembre-diciembre, 2010), 5-29 páginas | ||
| 999 | |c 36837 |d 36837 | ||
